00490 2200181 4500001002100000005001500021035002000036245005100056100002100107250001700128300003300145260003500178082001200213084001900225020002200244650001400266500002800280INLIS00000000000050720240811080839 a0010-08240000251 aVegetarian untuk kesehatan /cEko purwaningsih0 aEko purwaningsih aCetakan ke-1 aiv, 116 hlm :bilus ;c21 cm aJakarta :bGaneca Exact,c2007 a641.563 a641.563 EKO v a978-979-571-468-2 4aKesehatan aSeri Kesehatan Keluarga